| 000 | 00547nam a22001817a 4500 | ||
|---|---|---|---|
| 005 | 20251108174951.0 | ||
| 008 | 250721s2010 xx 000 0 ara d | ||
| 082 | 1 | 4 | _aم/799.2/فري |
| 100 | 1 |
_aالشعيبي، جهاد توفيق _eمترجم |
|
| 245 | 1 | 0 | _aفن الصيد بالصقور / |
| 264 | 1 |
_aابو ظبي : _bدار الكتب الوطنية، _c2010. |
|
| 300 | _a342ص. | ||
| 650 | 1 | 7 | _aالصيد |
| 650 | 1 | 7 | _aالصقور |
| 700 | 1 |
_aخير الله، ماسيمو _eمترجم |
|
| 942 |
_2ddc _cREF |
||
| 999 |
_c122748 _d122748 |
||